000 00311nam a22001337a 4500
008 170327b xxu||||| |||| 00| 0 eng d
020 _a0721633277
041 _aeng
080 _22ND
_a615.83
100 _a8
101 _aSHM
245 _aDIFFERENTIAL DIAGNOSIS OF COMMON COMPLAINTS
_cSELLER
942 _2udc
_cBK
999 _c8739
_d8739